Szczegóły MARC21

Inwestycje i ich finansowanie w krajach RWPG : (studium porównawcze) /

003 -Nazwa inst., której nr kontr. jest w polu 001 [,]
    • @
    • Nazwa instytucji, której n kontrolny jest w polu 001
    • NUKAT
005 -DATA I CZAS OSTATNIEJ MODYFIKACJI [,]
    • @
    • pole kontrolne
    • 20241231091206.0
040 -Instytucja sporządzająca opis [ , ]
    • a
    • Instytucja, która sporządziła opis (NP)
    • LUBL 64/MJ
    • c
    • Instytucja, która sporządziła rekord (NP)
    • LUBL 64/MJ
    • d
    • Instytucja, która zmodyfikowała rekord (P)
    • LUBL 64/MJ
942 -Rodzaj dokumentu [ , ]
    • c
    • Rodzaj dokumentu
    • Książka
100 -Hasło główne - nazwa osobowa [1, ]
    • a
    • Nazwa osobowa (NP)
    • Swatler, Lesław
    • d
    • Daty biograficzne (NP)
    • (1921-1998).
    • 9
    • KHW
    • 41455
245 -Strefa tytułu i oznaczenia odpowiedzialności [1,0]
    • a
    • Tytuł
    • Inwestycje i ich finansowanie w krajach RWPG : Find
    • b
    • Ciąg dalszy tytułu (NP)
    • (studium porównawcze) / Find
    • c
    • Pozostałe elementy strefy tytułu i oznaczenia odpowiedzialności (NP)
    • Lesław Swatler.
260 -Strefa adresu wydawniczego [ , ]
    • a
    • Miejsce wydania (P)
    • Szczecin :
    • b
    • Nazwa wydawcy (P)
    • Wydaw. Naukowe Uniwersytetu Szczecińskiego,
    • c
    • Data wydania (P)
    • 1988.
300 -Strefa opisu fizycznego [ , ]
    • a
    • Określenie formy książki i/lub objętość (NP)
    • 138 s. :
    • b
    • Oznaczenie ilustracji (NP)
    • il. ;
    • c
    • Format (NP)
    • 24 cm.
336 -Typ zawartości [ , ]
    • a
    • Termin opisujący typ zawartości
    • Tekst
    • b
    • Kod określający zawartość
    • txt
    • 2
    • Źródło (terminu i kodu)
    • rdacontent
337 -Typ mediów [ , ]
    • a
    • Tryb odtwarzania
    • Bez urządzenia pośredniczącego
    • b
    • Kod typu mediów
    • n
    • 2
    • Źródło (terminu i kodu)
    • rdamedia
338 -Typ/rodzaj nośnika [ , ]
    • a
    • Hasło opisujące typ nośnika
    • Wolumin
    • b
    • Kod typu nośnika
    • nc
    • 2
    • Źródło (terminu i kodu)
    • rdacarrier
490 -Strefa serii i książki wielotomowej - forma nie do wyszukiwania [1, ]
    • a
    • Tytuł (P)
    • Rozprawy i Studia / Uniwersytet Szczeciński, Find
    • x
    • ISSN (NP)
    • 0860-2751 ;
    • v
    • Numeracja (P)
    • t. 41
830 -Hasło dodatkowe serii i opisu książki wielotomowej - tytuł ujednolicony/tytuł [ ,0]
    • a
    • Tytuł ujednolicony/tytuł (NP)
    • Rozprawy i Studia - Uniwersytet Szczeciński
    • x
    • ISSN
    • 0860-2751
    • v
    • Oznaczenie tomu (NP)
    • t. 41
    • 9
    • KHW
    • 700
080 -Uniwersalna Klasyfikacja Dziesiętna [ , ]
    • a
    • Symbol klasyfikacji
    • 338.22(4-11)
080 -Uniwersalna Klasyfikacja Dziesiętna [ , ]
    • a
    • Symbol klasyfikacji
    • :330.322(4-11)
650 -Hasło przedmiotowe [ ,7]
    • a
    • Hasło przedmiotowe
    • Inwestycje
    • z
    • Określnik geograficzny
    • Kraje socjalistyczne.
    • 2
    • Źródło terminu
    • kaba
    • 9
    • KHW
    • 565055
980 -Symbol UKD [ , ]
    • a
    • UKD
    • 338.22:330.322](4-11)
710 -Hasło dodatkowe - nazwa ciała zbiorowego [2, ]
    • a
    • Nazwa ciała zbiorowego lub nazwa geograficzna jako pierwszy element (NP)
    • Uniwersytet Szczeciński.
    • b
    • Nazwa jednostki podrzędnej (P)
    • Wydawnictwo Naukowe.
    • 4
    • Kod relacji
    • pbl
    • 9
    • KHW
    • 51208
Status udost. Numer inwentarzowy Sygnatura Lokalizacja Data inwentaryzacji
2S.65701 BE2000-01-18
2S.65702 BE2000-01-18
2S.65703 BE2000-01-18
2S.65704 BE2000-01-18
2S.65705 BE2000-01-18
2S.65706 BE2000-01-18
2S.65707 BE2000-01-18
2S.65708 BE2000-01-18
2S.65709 BE2000-01-18
2S.65710 BE2000-01-18
2S.65711 BE2000-01-18
2S.65712 BE2000-01-18
2S.65713 BE2000-01-18
2S.65714 BE2000-01-18
2S.65715 BE2000-01-18
2S.65716 BE2000-01-18
2S.65717 BE2000-01-18
2S.65718 BE2000-01-18
2S.65719 BE2000-01-18
2S.65720 BE2000-01-18
2S.65721 BE2000-01-18
2S.65722 BE2000-01-18
2S.65723 BE2000-01-18
2S.65724 BE2000-01-18
2S.65725 BE2000-01-18
2S.65726 BE2000-01-18
2S.65727 BE2000-01-18
2S.65728 BE2000-01-18
2S.65729 BE2000-01-18
2S.65730 BE2000-01-18
2S.65731 BE2000-01-18
2S.65732 BE2000-01-18
2S.65733 BE2000-01-18
2S.65734 BE2000-01-18
2S.65735 BE2000-01-18
2S.65736 BE2000-01-18
2S.65737 BE2000-01-18
2S.65738 BE2000-01-18
-3S.65739 BE2000-01-18
2S.65740 BE2000-01-18
-3W.160579W.160579BG2000-01-18
2Z.73966Z.73966BG2000-01-18
-2T.1753 T2000-01-31